[Event "Balaton op 36th"]
[Site "Balatonlelle"]
[Date "2018.06.15"]
[Round "4"]
[White "Tancsa, Tamas"]
[Black "Hogea, Calin"]
[Result "1-0"]
[WhiteElo "1965"]
[BlackElo "2112"]
[PlyCount "27"]
[EventDate "2018.06.12"]
[EventType "swiss"]
[EventRounds "9"]
[EventCountry "HUN"]
[SourceTitle "CBM 185 Extra"]
[Source "ChessBase"]
[SourceDate "2018.07.29"]
[SourceVersion "1"]
[SourceVersionDate "2018.07.29"]
[SourceQuality "1"]

1. e4 e5 2. Nf3 Qe7 3. Bc4 d6 4. 0-0 g6 5. d4 c6 6. Ng5 Nh6 7. f4 f6 8. Nf3 Bg7 9. fxe5 dxe5 10. dxe5 fxe5 11. Bg5 Bf6 12. Bxf6 Qxf6 13. Qd2 Ng4 14. Ng5 1-0

[Event "Balaton op 36th"]
[Site "Balatonlelle"]
[Date "2018.06.14"]
[Round "3"]
[White "Hogea, Calin"]
[Black "Forgacs, Jozsef"]
[Result "0-1"]
[WhiteElo "2112"]
[BlackElo "2199"]
[PlyCount "44"]
[EventDate "2018.06.12"]
[EventType "swiss"]
[EventRounds "9"]
[EventCountry "HUN"]
[SourceTitle "CBM 185 Extra"]
[Source "ChessBase"]
[SourceDate "2018.07.29"]
[SourceVersion "1"]
[SourceVersionDate "2018.07.29"]
[SourceQuality "1"]

1. d4 f5 2. e4 fxe4 3. Nc3 Nf6 4. Bg5 Nc6 5. d5 Ne5 6. Qd4 Nf7 7. Bxf6 exf6 8. Nxe4 Be7 9. Bd3 0-0 10. 0-0-0 f5 11. Ng3 Bf6 12. Qa4 g6 13. h4 c6 14. h5 b5 15. Qb3 c5 16. Qxb5 d6 17. hxg6 hxg6 18. f4 Bd7 19. Qc4 Rb8 20. c3 Bb5 21. Qxb5 Rxb5 22. Bxb5 Qa5 0-1

[Event "Balaton op 36th"]
[Site "Balatonlelle"]
[Date "2018.06.13"]
[Round "2"]
[White "Hogea, Calin"]
[Black "Shatkovskaia, Elizaveta"]
[Result "1-0"]
[WhiteElo "2112"]
[BlackElo "1287"]
[PlyCount "99"]
[EventDate "2018.06.12"]
[EventType "swiss"]
[EventRounds "9"]
[EventCountry "HUN"]
[SourceTitle "CBM 185 Extra"]
[Source "ChessBase"]
[SourceDate "2018.07.29"]
[SourceVersion "1"]
[SourceVersionDate "2018.07.29"]
[SourceQuality "1"]

1. c4 e5 2. Nc3 f5 3. g3 Nf6 4. Bg2 Bc5 5. d3 d6 6. Nf3 0-0 7. 0-0 c6 8. d4 exd4 9. Nxd4 Re8 10. Qd3 Bxd4 11. Qxd4 c5 12. Qd3 Qd7 13. Bg5 Rf8 14. Rad1 Ne8 15. Nb5 Nc6 16. Nxd6 Ne5 17. Qd5+ Nf7 18. Nxf7 Qxf7 19. Qxf7+ Kxf7 20. Rd8 Nc7 21. Rd6 Rb8 22. Bf4 Ne6 23. Bd5 Ke7 24. Be5 g6 25. Rd1 Nd4 26. e3 Ne6 27. h3 Nc7 28. Bg2 Ne6 29. f4 b5 30. Rc6 Bb7 31. Bxb8 Bxc6 32. Bd6+ Kf7 33. Bxc6 Rd8 34. Bf3 bxc4 35. Be5 Rxd1+ 36. Bxd1 Nd8 37. Be2 Ke7 38. Bxc4 Nc6 39. Bc3 h5 40. Kf2 Nd8 41. Kf3 Nb7 42. g4 Nd6 43. Bd3 c4 44. Be2 hxg4+ 45. hxg4 Ke6 46. Bb4 fxg4+ 47. Kxg4 Ne4 48. Bxc4+ Kf6 49. Kf3 Kf5 50. Bd3 1-0

[Event "ROM-chT2"]
[Site "Slanic Moldova"]
[Date "2017.09.30"]
[Round "1.4"]
[White "Nastase, Robert Paul"]
[Black "Hogea, Calin"]
[Result "1-0"]
[WhiteElo "2317"]
[BlackElo "2122"]
[PlyCount "31"]
[EventDate "2017.09.30"]
[EventType "team-tourn"]
[EventRounds "9"]
[EventCountry "ROU"]
[SourceTitle "CBM 181 Extra"]
[Source "ChessBase"]
[SourceDate "2017.12.12"]
[SourceVersion "1"]
[SourceVersionDate "2017.12.12"]
[SourceQuality "1"]
[WhiteTeam "Otopeni"]
[BlackTeam "Brasov CSU"]
[WhiteTeamCountry "ROU"]
[BlackTeamCountry "ROU"]

1. e4 c5 2. Nf3 Nc6 3. d4 cxd4 4. Nxd4 Nf6 5. Nc3 d6 6. Bg5 Bd7 7. Qd2 Rc8 8. 0-0-0 Qa5 9. Nb3 Qc7 10. f4 a6 11. Be2 e6 12. Bf3 Na5 13. Nxa5 Qxa5 14. e5 Nd5 15. Nxd5 exd5 16. Qxa5 1-0

[Event "ROM-chT Div-A"]
[Site "Slanic Moldova"]
[Date "2011.10.06"]
[Round "6"]
[White "Hogea, Calin"]
[Black "Vasile, Claudiu Daniel"]
[Result "1/2-1/2"]
[WhiteElo "2184"]
[BlackElo "1997"]
[PlyCount "47"]
[EventDate "2011.10.03"]
[EventType "team-tourn"]
[EventRounds "9"]
[EventCountry "ROU"]
[SourceTitle "CBM 144 Extra"]
[Source "ChessBase"]
[SourceDate "2011.10.28"]
[SourceVersion "1"]
[SourceVersionDate "2011.10.28"]
[SourceQuality "1"]

1. d4 Nf6 2. c4 g6 3. Nc3 d5 4. Bg5 Ne4 5. Nxe4 dxe4 6. e3 c6 7. Qd2 Bg7 8. Ne2 Na6 9. Nc3 Bf5 10. Be2 h5 11. f3 exf3 12. Bxf3 Qd7 13. 0-0-0 f6 14. Bf4 e5 15. dxe5 Qxd2+ 16. Rxd2 fxe5 17. Bg5 Nc5 18. e4 Be6 19. Be3 Nd7 20. Rd6 Ke7 21. Rhd1 Bh6 22. Bxh6 Rxh6 23. b4 Nf6 24. c5 1/2-1/2

[Event "ROM-chT Div-A"]
[Site "Slanic Moldova"]
[Date "2011.10.03"]
[Round "1"]
[White "Florea, Leonard Gelu"]
[Black "Hogea, Calin"]
[Result "1/2-1/2"]
[WhiteElo "2003"]
[BlackElo "2184"]
[PlyCount "64"]
[EventDate "2011.10.03"]
[EventType "team-tourn"]
[EventRounds "9"]
[EventCountry "ROU"]
[SourceTitle "CBM 144 Extra"]
[Source "ChessBase"]
[SourceDate "2011.10.28"]
[SourceVersion "1"]
[SourceVersionDate "2011.10.28"]
[SourceQuality "1"]

1. d4 Nf6 2. c4 g6 3. Nf3 Bg7 4. g3 0-0 5. Bg2 c5 6. d5 d6 7. Nc3 Na6 8. 0-0 Nc7 9. e4 e5 10. dxe6 Bxe6 11. Qd3 Ng4 12. Rd1 Ne5 13. Nxe5 Bxe5 14. Bh6 Re8 15. Kh1 Rb8 16. Rab1 b5 17. cxb5 c4 18. Qe3 Nxb5 19. Nxb5 Rxb5 20. f4 Bh8 21. f5 Bxf5 22. Qa3 Bxe4 23. Bxe4 Rxe4 24. Qxd6 Qxd6 25. Rxd6 Re8 26. Rc6 c3 27. b3 Rd5 28. Kg2 Bd4 29. Re1 Rde5 30. Rxe5 Bxe5 31. Kf3 f6 32. Bf4 Bxf4 1/2-1/2

[Event "ROM-chT"]
[Site "Romania"]
[Date "1994.??.??"]
[Round "?"]
[White "Tomescu, Vlad"]
[Black "Hogea, Calin"]
[Result "1/2-1/2"]
[WhiteElo "2340"]
[BlackElo "2205"]
[PlyCount "61"]
[EventDate "1994.??.??"]
[EventType "team"]
[EventRounds "10"]
[EventCountry "ROU"]
[SourceTitle "EXT 1997"]
[Source "ChessBase"]
[SourceDate "1996.11.15"]
[SourceVersion "1"]
[SourceVersionDate "1996.11.15"]
[SourceQuality "1"]

1. e4 c5 2. Nf3 d6 3. d4 cxd4 4. Nxd4 Nf6 5. Nc3 Nc6 6. Bg5 Bd7 7. Qd2 Nxd4 8. Qxd4 Qa5 9. Bxf6 gxf6 10. g3 Bc6 11. Bg2 Rg8 12. 0-0 Qc5 13. Qd3 e6 14. a3 Be7 15. b4 Qh5 16. Rfe1 Rc8 17. Re3 Kf8 18. f4 f5 19. Ree1 fxe4 20. Nxe4 d5 21. Nf2 d4 22. Re5 Qh6 23. f5 Bd6 24. Re2 Bxg2 25. Kxg2 Rc3 26. Qxd4 Bxg3 27. Qd8+ Kg7 28. Qd4+ Kf8 29. Qd8+ Kg7 30. Qd4+ Kf8 31. Qd8+ 1/2-1/2